Vista normal
Vista MARC
Entrada Personal Name
Número de registros utilizados en: 1
001 - CONTROL NUMBER
- control field: 17335
003 - CONTROL NUMBER IDENTIFIER
- control field: DLC
005 - DATE AND TIME OF LATEST TRANSACTION
- control field: 20250716135511.0
008 - FIXED-LENGTH DATA ELEMENTS
- fixed length control field: 910529n| azannaabn |a aaa c
010 ## - LIBRARY OF CONGRESS CONTROL NUMBER
- LC control number: nr 91018829
- Canceled/invalid LC control number: no 96008116
035 ## - SYSTEM CONTROL NUMBER
- System control number: (OCoLC)oca02957756
040 ## - CATALOGING SOURCE
- Original cataloging agency: NjP
- Language of cataloging: spa
- Description conventions: rda
- Transcribing agency: Mx-PuUPA
- Modifying agency: DLC
- Modifying agency: OCoLC
- Modifying agency: NmU
- Modifying agency: UPB
- Modifying agency: Mx-PuUPA
100 1# - HEADING--PERSONAL NAME
- Personal name: Ziccardi, Alicia,
370 ## - ASSOCIATED PLACE
- Associated country: México
- Source of term: naf
372 ## - FIELD OF ACTIVITY
- Field of activity: Economía
- Source of term: lcsh
373 ## - ASSOCIATED GROUP
- Associated group: Universidad Nacional Autónoma de México
- Source of term: naf
374 ## - OCCUPATION
- Occupation: Autor
375 ## - GENDER
- Gender: hombre
377 ## - ASSOCIATED LANGUAGE
- Language code: spa
378 ## - FULLER FORM OF PERSONAL NAME
- Fuller form of personal name: Ziccardi Contigiani
400 1# - SEE FROM TRACING--PERSONAL NAME
- Personal name: Ziccardi C., Alicia
- Fuller form of name: (Ziccardi Contigiani)
400 1# - SEE FROM TRACING--PERSONAL NAME
- Personal name: Ziccardi Contigiani, Alicia
400 1# - SEE FROM TRACING--PERSONAL NAME
- Personal name: Contigiani, Alicia Ziccardi
670 ## - SOURCE DATA FOUND
- Source citation: Mecatl, J.L. Casa a los damnificados, 1987:
- Information found: t.p. (Alicia Ziccardi) p. 11 (researcher at the Instituto de Investigaciones Sociales de la Universidad Nacional Autónoma de México)
670 ## - SOURCE DATA FOUND
- Source citation: Bibliografía de la Ciudad de México, 1991:
- Information found: v. 1, t.p. (Alicia Ziccardi) verso t.p. (Alicia Ziccardi C.)
670 ## - SOURCE DATA FOUND
- Source citation: Ciudades del siglo XXI, 2005:
- Information found: t.p. (Alicia Ziccardi Contigiani)
670 ## - SOURCE DATA FOUND
- Source citation: Las políticas sociales de México, 2022:
- Information found: title page (Alicia Ziccardi) front flap (doctorate in economics from UNAM) page 279 (Alicia Ziccardi Contigiani)